000 00284nam a2200109Ia 4500
008 190216s9999||||xx |||||||||||||| ||und||
100 _aJain T S
245 0 _aGuide To Nationalised Banks Probationary Officers Exam
260 _bUpakar Prakashan
650 _aReferences
942 _cREF
999 _c35640
_d35640